1645 1826 1946 1912 1119 1269 1014 1573 1072 1680 1066 1365 1033 1843 1493 1734 1167 1209 1280 1323 1054 1141 1178 1387 1710 1563 1654 1687 1128 1136 1006 1759 1430 1288 1087 1109 1203 1210 1964 1631 1664 1450 1123 1005 1668 1873 1013 1850 1600 1152 1748 1830 1512 1332 1638 1149 1158 1620 1738 1533 1769 1080 1037 1225 1067 1324 1640 1766 1194 1628 1061 1133 1377 1500 1379 1521 1439 1931 1532 1113 1534 1414 1592 1325 1278 1618 1730 1558 1504 1222 1090 1031 1345 1005 1117 1477 1557 1825 1071 BCNSPRNW ULIB Ver.6.0+V

เปลี่ยนเป็นภาษาไทย

Change to English
 แสดงรายละเอียดบรรณานุกรม
  กลับหน้าหลัก

Brief Record : Get Marc (ISO 2709) : E-mail record : QR code < ปิดหน้าต่าง
LEADER : 00000nam 2200000uu 4500
001    13399114300
003     ULIB
008    120321s2551||||th 000 0 tha d
020    ^a9789741080595
050  4 ^aAC158^bค451ว 2551
100 1  ^aฮยอนมิน, คิม
245 10 ^aวิทยาศาสตร์ฉลาดรู้ เรื่อง ไฟฟ้าและเคลื่อนแม่เหล็ก /^cคิมฮยอนมิน, เรื่องและภาพ ; คิวัสว์ สุรกิจบวร, แปล
250    ^aพิมพ์ครั้งที่ 1
260    ^aกรุงเทพฯ :^bอัมรินทร์คอมมิกส์,^c2551
300    ^a197 หน้า :^bภาพประกอบ ;^c21 ซม.
440  0 ^aชุดวิทยาศาสตร์ฉลาดรู้ ;^vลำดับที่ 14
650  7 ^aการ์ตูน
650  7 ^aไฟฟ้า^xวรรณกรรมสำหรับเด็ก
650  7 ^aคลื่นแม่เหล็กไฟฟ้า
650  7 ^aวรรณกรรมเกาหลี
650  7 ^aวรรณกรรมสำหรับเด็ก
700 0  ^aคิวัสว์ สุรกิจบวร,^eผู้แปล
945    ^p199^l0^i15280
995    ^aกัณชพร
999    ^aใช้งานได้ทุกระบบ
รายการนี้ยังไม่มีแท็ก
คุณยังไม่ได้ล็อกอิน คุณสามารถมีกิจกรรมร่วมกับเว็บไซต์ได้ แต่ต้องล็อกอินก่อน ::
  ล็อกอิน

รายการสื่อสารสนเทศ

ลำดับที่ ประเภท เลขเรียก/บาร์โค้ด สถานที่ สถานะ
- ไม่พบข้อมูล -

รายการใกล้เคียง
    ผู้แต่ง [ฮยอนมิน, คิม]

    หัวเรื่อง [การ์ตูน]
    หัวเรื่อง [คลื่นแม่เหล็กไฟฟ้า]
    หัวเรื่อง [วรรณกรรมเกาหลี]
    หัวเรื่อง [วรรณกรรมสำหรับเด็ก]

BibComment


ยังไม่เคยถูกคอมเมนท์

คอมเมนท์ทรัพยากรรายการนี้
  คอมเมนท์: วิทยาศาสตร์ฉลาดร..


 Copyright 2026. Bcnsprnw @Library